000 00736nam a22002537a 4500
001 BR9100907
003 BR-BrBNA
005 20230928093532.0
007 ta
008 230509b bl.||||| |||| 00| 0 por d
040 _aBR-BrBNA
_bpor
_cBiblioteca Nacional de Agricultura
041 _a(Por)
072 _aE11
_b/G514
090 _ E11 BR9100907
110 1 _aMinisterio da Reforma e do Desenvolvimento Agrario, Brasilia, DF (Brasil)
_97061
245 1 _aEstatisticas cadastrais anuais - dados preliminares 1987
260 3 _aBrasilia, DF (Brasil):
_c1987.
300 _a204 p.
500 _aNumerical data
650 _aPROPRIEDADE RURAL
650 _aCADASTRO RURAL
909 _a202309
_bLucia
_c55
_dLucia Elande
942 _cBK
999 _c45553
_d45553